Story Of My Life-Lyrics - Statistics

General Stats
  • This quiz has been taken 165 times
    163 since last reset
  • The average score is 252 of 318
Answer Stats
% Correct
I
99%
i
99%
the
99%
a
98%
my
98%
life
97%
of
97%
story
97%
in
94%
to
94%
her
90%
it
90%
all
87%
home
87%
night
87%
take
87%
and
86%
she
86%
be
84%
warm
84%
is
83%
keep
83%
on
83%
time
83%
can't
82%
for
81%
that
81%
drive
79%
but
78%
I'll
78%
are
76%
frozen
75%
its
75%
written
75%
you
75%
me
74%
these
74%
heart
73%
walls
73%
gone
71%
inside
71%
open
71%
stories
70%
love
69%
morning
69%
tonight
69%
here
68%
don't
67%
explain
67%
leave
67%
right
67%
broke
66%
days
66%
empty
66%
nothing
66%
she's
66%
stays
66%
been
65%
until
64%
between
63%
feel
63%
I've
63%
this
63%
way
63%
will
63%
same
62%
see
62%
told
62%
feet
61%
tight
61%
us
61%
about
60%
like
60%
spend
60%
too
60%
when
60%
with
60%
change
59%
holding
58%
know
57%
wide
57%
beneath
56%
give
56%
stone
56%
bones
55%
words
54%
colors
53%
around
52%
cage
52%
come
52%
hope
52%
running
52%
waiting
52%
chasing
51%
after
50%
baby
50%
die
50%
seems
50%
ground
49%
clouds
48%
light
47%
am
44%
broken
44%
burning
44%
fire
44%
still
43%
bright
41%
although
37%
now
37%
upon
33%
untamed
28%
hill
27%
No matching quizzes found
Score Distribution
Percent of People with Each Score
Percentile by Number Answered
Your Score History
You have not taken this quiz since the last reset